Die Sakraltopographie der Seestädte im wendischen Quartier der Hanse
| Titel: | Die Sakraltopographie der Seestädte im wendischen Quartier der Hanse |
|---|---|
| Verfasser: | |
| In: |
Pfarrkirchen in den Städten des Hanseraums, (2006), Seite 55-69, 13 Abb. alle Artikel anzeigen |
| Veröffentlicht: | 2006 |
| Format: | Aufsatz |
| Sprache: | Deutsch |
X
alg: 39218579 001A $01999:11-11-16 001B $01999:16-05-21 $t20:24:33.000 001D $01999:11-11-16 001U $0utf8 001X $00 002@ $0Aox 003@ $0392185792 007A $0392185792 $aHEB 007T $0Herdc0027753m 010@ $ager 011@ $a2006 021A $aDie @Sakraltopographie der Seestädte im wendischen Quartier der Hanse 028A $aPelc $dOrtwin 031A $h55-69, 13 Abb. $j2006 037A $aeng. Res. 69; dt. Res. 69 039B $aIn $8--Aau--. Pfarrkirchen in den Städten des Hanseraums. - Rahden/Westf. : Leidorf, 2006. - 339 S.. - Ill., graph. Darst., Kt.. - ISBN 978-3-89646-461-3 $x200600000000000945 $9183481925 045F $a709.43816 $eDDC23BSB 045F/01 $a709 045F/03 $g43816 lok: 39218579 78 exp: 39218579 78 1 #EPN 201B/01 $020-12-17 $t23:00:11.000 201U/01 $0utf8 203@/01 $0788281984 208@/01 $a11-11-16 $be 209A/01 $a/ $f000 $x00 220C/01 $aTitelaufnehmer: nk;kh 220C/01 $aHerkunft: HI Marburg 244Z/01 $2Trx $#Pomeranija $#Pommern $#Pomoransko $#Pomořansko $#Hinterpommern;Vorpommern;Mittelpommern $#Pomorze Środkowe;Pomorze Przednie $#Pomořansko;Západní Pomořany; Pomořany $8--Trx--Pomorze Zachodnie $x01 $9391303775 244Z/01 $2Trx $#Germania Slavica $#"Germania Slavica" $#Germania Slavica $#Germania Slavica $#Germania Slavica $#Germania Slavica $#Germania Slavica $8--Trx--Germania Slavica $x02 $9391371002 244Z/01 $#Greifswald $#Gryphisvaldia $#Universitäts- und Hansestadt Greifswald $#Hansestadt Greifswald $#Gryphiswaldiae $#Greifsvaldas $#Gryfia $#Gryphia $74021965-3 $8--Tg1--Greifswald $x03 $9085053651 244Z/01 $#Stralsund $#Hansestadt Stralsund $#Stadt Stralsund $#Straalsund $#Strahlsund $#Stralesundium $#Sundia $74057860-4 $8--Tg1--Stralsund $x04 $9085160881 244Z/01 $2Trx $#Liubekas $#Lubeka $#Alt-Lübeck $8--Trx--Lübeck $x05 $9391161652 244Z/01 $2Trx $8--Trx--Wismar $x06 $9391266551 244Z/01 $2Trx $#Roztoky Něm. $8--Trx--Rostock $x07 $939127399X 244Z/01 $aGeschichte 1100-1300 $x08 244Z/01 $2Trx $#kirikud hooned $#bažnyčių pastatai $#churches buildings $#templomok épületek $#kościoły budynki $#kostoly budovy $#kostely budovy $8--Trx--Kirchen$gGebäude $x09 $9391363778 244Z/01 $2Trx $#kabelid $#koplyčios $#Chapels $#kápolnák $#kaplice i kapliczki $#kaplnky $#kaple $#kapliczki $8--Trx--Kapellen $x10 $9391358731 244Z/01 $2Trx $#kloostrid $#vienuolynai $#monasteries $#kolostorok $#klasztory $#kláštory $#kláštery $8--Trx--Klöster $x11 $9391383108 244Z/01 $2Trx $#hansaliit $#Hanza $#Hanseatic League $#Hanza-Szövetség $#Hanza $#hanza $#hanza $8--Trx--Hanse $x12 $9391375512 244Z/01 $2Trx $#asundusajalugu $#kolonizacija $#history of settlements $#településtörténet $#osadnictwo $#dejiny osídlenia $#dějiny osídlení $#osídlenie $#osídlení $8--Trx--Siedlungsgeschichte $x13 $9391357131 244Z/01 $2Trx $8--Trx--Einzelbeiträge $x14 $9391384570 245Z/01 $a11.11 $x01 247C/01 $82080>Marburg/Lahn, Herder-Institut, Forschungsbibliothek, Bibliographieportal $9336309341
| LEADER | 00000caa a22000002c 4500 | ||
|---|---|---|---|
| 001 | 392185792 | ||
| 003 | DE-603 | ||
| 005 | 20210516202433.0 | ||
| 007 | tu | ||
| 008 | 161111s2006 xx |||| | u00||u|ger c | ||
| 035 | |a (DE-599)HEB392185792 | ||
| 040 | |a DE-603 |b ger |c DE-603 |d DE-603 | ||
| 041 | |a ger | ||
| 082 | 0 | 4 | |8 1\u |a 709.43816 |q DE-101 |2 23/BSB |
| 085 | |8 1\u |b 709 | ||
| 085 | |8 1\u |z 2 |s 43816 | ||
| 100 | 1 | |a Pelc, Ortwin | |
| 245 | 0 | 0 | |a Die Sakraltopographie der Seestädte im wendischen Quartier der Hanse |
| 264 | 0 | |c 2006 | |
| 500 | |a eng. Res. 69; dt. Res. 69 | ||
| 773 | 0 | 8 | |i In |t Pfarrkirchen in den Städten des Hanseraums |d Rahden/Westf. : Leidorf, 2006 |h 339 S., Ill., graph. Darst., Kt. |z 9783896464613 |z 3896464612 |g (2006), Seite 55-69, 13 Abb. |w (DE-603)183481925 |
| 924 | 0 | |9 2080 |a (DE-603)788281984 |b DE-2080 |c HES |d d |g / | |


